000
00324nam a2200145Ia 4500
100
_a
Rao/ Tiwari
942
_c
RB
654
_a
manufacturing
245
_a
Emerging trends in manufacturing
260
_b
Tata Mc Graw hill
_a
New Delhi
_c
1986
082
_a
621.902
_b
RAO
300
_a
556
546
_a
ENGLISH
999
_c
27960
_d
27960